Juan Navarro Baldeweg

Salvato in:
Dettagli Bibliografici
Natura: Libro
Lingua:inglese
Pubblicazione: Corte Madera : Gingko Press, 2001
Soggetti:
Tags: Aggiungi Tag
Nessun Tag, puoi essere il primo ad aggiungerne!!

MARC

LEADER 00000nam a22000003a 4500
001 stu78910
005 20141121221522.2
008 030204s2001----xxu-----------------eng-d
020 |a 1584230134 
040 |a STU  |b slo 
041 0 |a eng 
044 |a xxu 
245 |a Juan Navarro Baldeweg 
260 |a Corte Madera :  |b Gingko Press,  |c 2001 
300 |a 192 s 
650 7 |a architektúra európska  |2 stusub 
650 7 |a architekti európski  |2 stusub 
996 |b 284AU00052  |c A*3811 U  |l AAKNAR  |s A  |a 24  |w stu78910_0001